بناء الجملة في جمهرة رسائل العرب : في ضوء علم اللغة الحديث /
Saved in:
| Main Author: | |
|---|---|
| Other Authors: | |
| Format: | Thesis |
| Language: | Arabic |
| Published: |
al-Urdun :
al-Jami'ah al-Urduniyah,
2000.
|
| Subjects: | |
| Tags: |
Add Tag
No Tags, Be the first to tag this record!
|
| LEADER | 014810000a22003010004500 | ||
|---|---|---|---|
| 008 | 101027s2000 jo f00 0000 00ara d | ||
| 040 | |a UIAM |b eng | ||
| 041 | |a ara | ||
| 050 | |a PJ6153 | ||
| 100 | 1 | |a موسى، عاطف فضل محمد | |
| 242 | 1 | 0 | |a Bina' al-jumlah fi Jamharat rasa'il al-'Arab : |b fi daw' 'ilm al-lughah al-hadith |
| 245 | 1 | 0 | |a بناء الجملة في جمهرة رسائل العرب : |b في ضوء علم اللغة الحديث / |c اعداد عاطف فضل محمد موسى |
| 260 | |a al-Urdun : |b al-Jami'ah al-Urduniyah, |c 2000. | ||
| 300 | |a 325 leaves ; |c 30 cm. | ||
| 500 | |a "قدةت هذه الرسالة استكمالا لمطلبات درجة الدكتورة في اللغة العربية "On t.p. | ||
| 500 | |a Abstract in English. | ||
| 502 | |a Thesis (Ph. D.)--Jami'at al-Urduniyah, 2000 | ||
| 504 | |a Includes bibliographical references (leaves 320-323). | ||
| 596 | |a 1 | ||
| 600 | |a Safwat, Ahmad Zaki. |t Jamharat rasa'il al-'Arab |x Criticism, Textual | ||
| 650 | |a Arabic language |x Sentences | ||
| 655 | |a Theses, Facsimile edition (Islamic) | ||
| 700 | |a Musa, 'Atif Fadl Muhammad | ||
| 710 | |a Jami'ah al-Urduniyah | ||
| 710 | |a جامعة الأردنية. |b كلية الدراسات العليا | ||
| 900 | |a sz-ami | ||
| 999 | |c 433577 |d 465813 | ||
| 952 | |0 0 |6 TI PJ 006153 M000985B 002000 |7 0 |8 THESES |9 756678 |a IIUM |b IIUM |c MULTIMEDIA |g 360.00 |o ti PJ 6153 M985B 2000 |p 00011149173 |r 2017-10-23 |t 1 |v 360.00 |y THESIS | ||
